=LDR 00000nam 2200000 4500 =001 INLIS000000000003141 =005 20250220091704 =035 ##$$a 0010-0225000431 =007 ta =008 250220###########################0#ind## =020 ##$$a - =082 ##$$a 657.45 =084 ##$$a 657.45 DEP p =245 1#$$a pedoman Umum Pengawasan Fungsional dan Tatacara Pemersaan : $b - /$c Badan Koordinasi Keluarga Berencana Nasional =250 ##$$a - =260 ##$$a Jakarta :$b Badan Kependudukan dan Keluarga Berencana Nasional,$c 1985 =300 ##$$a 298 halaman : $b ilustrasi ; $c 21 cm$e - =650 #4$$a pedoman pengawasan =110 #$$a Deputi Bidang Pengawasan